Europäische Länder mit den meisten Opfern im Tsunami 2004 - Statistiken

Allgemein
  • Dieses Quiz wurde 199 mal gespielt
  • Das Durchschnittsergebnis liegt bei 6 aus 8
Antwortstatistiken
Die Opfer Land % Korrekt
539 Deutschland
97%
95 Frankreich
92%
143 Vereinigtes Königreich
80%
543 Schweden
79%
84 Norwegen
67%
86 Österreich
62%
106 Schweiz
60%
179 Finnland
58%
Keine übereinstimmenden Quizze gefunden
Verteilung der Resultate
Anzahl Personen mit jedem Resultat
Perzentil nach korrekt beantworteten Fragen
Ihre Resultats-Entwicklung
Sie haben dieses Quiz noch nicht gespielt